Enquete niveau de vie des menages Cote d'Ivoire 2002 : education et pauvrete en Cote d'Ivoire /

Saved in:
Bibliographic Details
Corporate Author: Institut national de la statistique (Côte d'Ivoire)
Other Authors: Okon, Guy Michel.
Format: Book
Language:French
Published: [Abidjan] : Institut national de la statistique, Republique de Cote d'Ivoire, [2002].
Subjects:
Tags: Add Tag
No Tags, Be the first to tag this record!
LEADER 00921nam a2200241Ia 4500
001 009797293-2
005 20090417112617.0
008 061108s2002 iv bs 000 f fre d
035 0 |a ocm75428574 
040 |a CUY  |c CUY 
043 |a f-iv--- 
090 |a LA1821.I8  |b E57 2002 
245 0 0 |a Enquete niveau de vie des menages Cote d'Ivoire 2002 :  |b education et pauvrete en Cote d'Ivoire /  |c chef de project, Okon Guy Michael ; asssitante [sic], Essouin Adjoba Yvette. 
246 3 0 |a Education et pauvrete en Cote d'Ivoire 
260 |a [Abidjan] :  |b Institut national de la statistique, Republique de Cote d'Ivoire,  |c [2002]. 
300 |a 45 p. ;  |c 28 cm. 
504 |a Includes bibliographical references (p. 45). 
650 0 |a Education  |z Côte d'Ivoire. 
650 0 |a Poverty  |z Côte d'Ivoire. 
700 1 |a Okon, Guy Michel. 
710 2 |a Institut national de la statistique (Côte d'Ivoire) 
988 |a 20051107 
906 |0 OCLC